[Event "GER-chT U12"]
[Site "Muenchen"]
[Date "2022.12.29"]
[Round "6"]
[White "Park, Manuel"]
[Black "Halich, Jan Finnian"]
[Result "1-0"]
[WhiteElo "1491"]
[BlackElo "1182"]
[PlyCount "39"]
[EventDate "2022.12.26"]
[EventType "team-swiss"]
[EventRounds "7"]
[EventCountry "GER"]
[SourceTitle "CBM 212 Extra"]
[Source "ChessBase"]
[SourceDate "2023.03.31"]
[SourceVersion "1"]
[SourceVersionDate "2023.03.31"]
[SourceQuality "1"]
[WhiteTeam "Kirchheim/Teck"]
[BlackTeam "Werder Bremen"]
[WhiteTeamCountry "GER"]
[BlackTeamCountry "GER"]

1. e4 e6 2. d4 d5 3. exd5 exd5 4. Bd3 c5 5. dxc5 Bxc5 6. Nf3 h6 7. h3 Nf6 8. 0-0 0-0 9. Bf4 Nc6 10. c3 Be6 11. Nbd2 Re8 12. Bc2 Qd7 13. Nb3 Bb6 14. Qd3 Rad8 15. Ne5 Qc8 16. Nxc6 bxc6 17. Be5 Nd7 18. Qh7+ Kf8 19. Bd6+ Re7 20. Qh8# 1-0